000 00299nam a2200109Ia 4500
008 200302s9999 xx 000 0 und d
100 _aIan D. Collin & Other
245 _aWindow selection A Guide for Architects and Designers
260 _bNew nes Butterworths Ltd.
260 _c1977
300 _a116 P.,
999 _c299
_d299